Газы высокой чистоты: пер. с нем.

Dettagli Bibliografici
Autore principale: Мюллер Г.
Altri autori: Гнаук Г. (переводчик), Бердоносов С. С.
Lingua:russo
Pubblicazione: Москва, Мир, 1968
Soggetti:
Natura: Libro
KOHA link:https://koha.lib.tpu.ru/cgi-bin/koha/opac-detail.pl?biblionumber=45905

MARC

LEADER 00000nam0a2200000 4500
001 45905
005 20231101211002.0
035 |a (RuTPU)RU\TPU\book\47814 
090 |a 45905 
100 |a 20021218d1968 km y0rusy50 ca 
101 1 |a rus  |c ger 
102 |a RU 
105 |a a z 001zy 
200 1 |a Газы высокой чистоты  |e пер. с нем.  |f Г. Мюллер, Г. Гнаук  |g Пер. С. С. Бердоносова 
210 |a Москва  |c Мир  |d 1968 
215 |a 236 с.  |c ил. 
320 |a Библиогр.: с. 222-233 
606 1 |a Газы  |x Очистка  |x (химия)  |2 stltpush  |3 (RuTPU)RU\TPU\subj\72810  |9 86203 
610 1 |a химические лаборатории 
610 1 |a получение 
610 1 |a аппараты 
610 1 |a приборы 
675 |a 542.7  |v 3 
675 |a 66.074  |v 3 
700 1 |a Мюллер  |b Г. 
701 1 |a Гнаук  |b Г. 
702 1 |a Бердоносов  |b С. С.  |4 730 
801 1 |a RU  |b 63413507  |c 20021218  |g PSBO 
801 2 |a RU  |b 63413507  |c 20140917  |g PSBO 
942 |c BK